000 01059pam a2200289 i 4500
001 375334
003 OSt
005 20151111154832.0
008 780612s1979 nyua 001 0 eng
010 _a 78017078
020 _a0070006571 :
_c$18.50
040 _aDLC
_cDLC
_dDLC
050 0 0 _aQA331
_b.A45 1979
082 0 0 _a515.93
_bAHL 1979
100 1 _aAhlfors, Lars V.
_q(Lars Valerian),
_d1907-1996.
_96103
245 1 0 _aComplex analysis :
_ban introduction to the theory of analytic functions of one complex variable /
_cLars V. Ahlfors.
250 _a3d ed.
260 _aNew York :
_bMcGraw-Hill,
_c1979.
300 _axiv, 331 p. :
_bill. ;
_c24 cm.
490 0 _aInternational series in pure and applied mathematics
500 _aIncludes index.
650 0 _aAnalytic functions.
_96104
856 4 1 _3Table of contents
_uhttp://www.loc.gov/catdir/toc/mh031/78017078.html
856 4 2 _3Publisher description
_uhttp://www.loc.gov/catdir/description/mh031/78017078.html
906 _a7
_bcbc
_corignew
_d1
_eocip
_f19
_gy-gencatlg
942 _2ddc
_cSLOAN
999 _c2520
_d2520